| 000 | 00563nam a2200145Ia 4500 | ||
|---|---|---|---|
| 008 | 170221s9999 xx 000 0 und d | ||
| 100 | _aMumtaz Ali Memon | ||
| 245 | _aLevel of Stress and Job Satisfaction among Call Operators: A Case of Malaysian Telecommunication Sector | ||
| 245 | _cMumtaz Ali Memon, Hiram Ting, Rohani Salleh, Jati Kasuma Ali, Yusman Yacob | ||
| 260 | _bInternational Review of Management and Marketing | ||
| 260 | _c2012 | ||
| 300 | _a3 : 2 | ||
| 650 | _xMarketing. | ||
| 856 | _uhttp://www.econjournals.com/index.php/irmm/issue/view/82 | ||
| 999 |
_c314036 _d314036 |
||